000 00644nam a2200217 u 4500
005 20220524095039.0
008 100607s2009 mx r 000 0 spa d
020 _a9789687791777
035 _aUPN01000176342
049 _aCG
050 4 _aPS3563 A3.3
_bV4.6
100 1 _aMcCormick, Patricia
245 1 0 _aVendida /
_cPatricia McCormick ; tr. Xohana Bastida.
260 _aMéxico :
_bSM,
_c2009.
300 _a258 p.
440 0 _aGran angular ;
_v35/M.
_pAlerta roja
534 _pTítulo original:
_tSold
650 2 _aLiteratura estadounidense
_ySiglo XX
_95165
650 4 _aPROSTITUCION INFANTIL -
_vNOVELA
_915977
905 _aLibro
999 _c148445
_d148445